000 00834pam a2200277 a 4500
001 461415
003 Ke-BoTe
005 20220523135303.0
008 830705s1984 njua b 001 0 eng
010 _a 83013238
020 _a0874893461 (pbk.)
040 _aDLC
_cDLC
_dDLC
050 1 0 _aRB150.S5
_bS475 1984
060 _aWY 154 S5592
082 0 0 _a616/.047
_219
245 0 0 _aShock, a nursing guide /
_c[edited by] Jacqueline M. Carolan.
260 _aOradell, N.J. :
_bMedical Economics Books,
_cc1984.
300 _axi, 209 p. :
_bill. ;
_c23 cm.
504 _aIncludes bibliographies and index.
650 0 _aShock.
_96228
650 0 _aShock
_xNursing.
_96229
650 2 _aShock
_xNursing.
_96229
700 1 _aCarolan, Jacqueline M.
_96230
906 _a7
_bcbc
_corignew
_d1
_eocip
_f19
_gy-gencatlg
942 _2lcc
_cBK
_n0
999 _c3029
_d3029